Statistics for Rapper Mugshots

Click here to take the quiz!

General Stats

  • This quiz has been taken 313 times
    (293 since last reset)
  • The average score is 13 of 20

Answer Stats

Answer% Correct
Eminem
98%
XXXTentacion
97%
Snoop Dogg
96%
Tupac Shakur
95%
Tyler, the Creator
94%
DaBaby
90%
Jay-Z
88%
Lil Wayne
84%
YNW Melly
83%
50 Cent
75%
Pitbull
62%
Wiz Khalifa
59%
Tyga
47%
Puff Daddy
39%
Nas
37%
DMX
35%
Soulja Boy
32%
Lauryn Hill
29%
Lil' Kim
9%
Rakim
7%

Score Distribution

Percentile by Number Answered

Percent of People with Each Score

Your Score History

You have not taken this quiz since the last reset